000 01068nam a2200277Ia 4500
008 130821s2009 enk gr eng
020 _a9780198764229
040 _aCO-BoUCM
_bspa
_cAngélica Rojas (modificó)
_dAldemar Mondragón (modificó)
041 0 0 _aeng
100 1 _aBirnie, Patricia W.
_930075
245 1 0 _aInternational law and the environment
_cPatricia Birnie, Alan Boyle y Catherine Redgwell
246 1 3 _aInternational law & the environment
250 _a3rd ed
260 _aOxford (Oxfordshire, Inglaterra)
_bOxford University Press
_c2009
300 _axxxvi, 851 páginas
504 _aIncluye referencias bibliográficas e índices
650 _aDerecho ambiental
_912703
650 7 _aControl ambiental
_xLegislación
_911860
650 7 _aDerecho internacional ambiental
_912777
690 _942764
_aDerecho ambiental
690 _942772
_aDerecho internacional
700 1 _aBoyle, Alan E.
_930076
700 1 _aRedgwell, Catherine
_930077
942 _cLIBRO
_a8
_e3
_mB619i
_2DEWEY
_h341.762
999 _c72975
_d72975